ბათუმის შოთა რუსთაველის სახელმწიფო უნივერსიტეტის ბიბლიოთეკა

ამონიოს ერმისის თხზულებები ქართულ მწერლობაში : (ბიბ.ჩანაწერი № 37926)

000 -ლიდერი
ფიქსირებული სიგრძის საკონტროლო ველი 01971nam a2200277Ia 4500
001 - საკონტროლო ნომერი
საკონტროლო ველი 3905
003 - საკონტროლო ნომრის იდენტიფიკატორი
საკონტროლო ველი GE_BSU
005 - ბოლო ოპერაციის თარიღი და დრო
საკონტროლო ველი 20190821154457.0
008 - ფიქსირებული სიგრძის მონაცემთა ელემენტები - ზოგადი ინფორმაცია
ფიქსირებული სიგრძის საკონტროლო ველი 181216s1983||||ge |||||||||||||| ||geo||
040 ## - კატალოგიზაციის წყარო
Transcribing agency GE_BSU
041 ## - ენის კოდი
Language code of text/sound track or separate title geo
080 ## - უნივერსალური ათობითი კლასიფიკაციის ინდექსი
Universal Decimal Classification number 1(38)+821.353.1–3+811.353.1 ა–59
245 ## - ცნობა სათაურის შესახებ
Title ამონიოს ერმისის თხზულებები ქართულ მწერლობაში :
Remainder of title ტ.Vl /
Statement of responsibility, etc ტექსტი გამოსაც. მოამზადეს ნათელა კეჭაღმაძემ და მაია რაფავამ ; გამოკვლევა, ლექსიკონი და საძ. დაურთო მაია რაფავამ ; სარედ. კოლ.: ელ. მეტრეველი (მთ. რედ.) [და სხვა] ; ტომის რედ.: მ. შანიძე ; საქ. სსრ მეცნ. აკად., კ. კეკელიძის სახ. ხელნაწერთა ინ-ტი.
264 ## - წარმოების, გამოცემის, დისტრიბუციის და სხვა ცნობები
გამოცემის, წარმოების, დისტრიბუციის... ადგილი თბ. :
გამოცემის, წარმოების, დისტრიბუციის... სახელწოდება მეცნიერება,
გამოცემის, წარმოების, დისტრიბუციის... თარიღი 1983.
300 ## - ფიზიკური აღწერა
Extent 254 გვ.
Other physical details 26 სმ.
490 ## - სერიის ცნობა
Series statement ძველი ქართული მწერლობის ძეგლები;
Volume number/sequential designation VI
501 ## - შენიშვნა თანმხლებ მასალაზე
With note ლექსიკონი: გვ. 176-238; საძიებლები: გვ. 239-247.
504 ## - BIBLIOGRAPHY, ETC. NOTE
Bibliography, etc ბიბლიოგრ.: გვ. 248-254
653 ## - INDEX TERM--UNCONTROLLED
Uncontrolled term ბერძნული ფილოსოფია
653 ## - INDEX TERM--UNCONTROLLED
Uncontrolled term ქართული ენის ისტორიული გრამატიკა
700 ## - ADDED ENTRY--PERSONAL NAME
Personal name მეტრეველი, ელ.
Relator term რედაქტორი
9 (RLIN) 3518
700 ## - ADDED ENTRY--PERSONAL NAME
Personal name შანიძე, მ.
Relator term რედაქტორი
9 (RLIN) 3725
710 ## - ADDED ENTRY--CORPORATE NAME
Corporate name or jurisdiction name as entry element საქ. სსრ მეცნ. აკად., კ. კეკელიძის სახ. ხელნაწერთა ინ-ტი.
9 (RLIN) 3517
942 ## - ADDED ENTRY ELEMENTS (KOHA)
Koha item type წიგნი
Source of classification or shelving scheme
ეგზემპლარები
ჩამოწერის სტატუსი დაკარგული ეგზემპლარის სტატუსი კლასიფიკაციის წყარო ან თაროზე გაწყობის სქემა დაზიანების სტატუსი არ გაიცემა მუდმივი მდებარეობა (დაცვის ადგილი) ამჟამინდელი ადგილსამყოფელი თაროზე განთავსების ადგილი შეძენის თარიღი ღირებულება, შესყიდვის ნორმალური ფასი სრული შენახვის შიფრი შტრიხკოდი ბოლო ოპერაციის თარიღი ეგზემპლარის მიმდევრობითი ნომერი (კეტერი?) ფასის ძალაში შესვლის თარიღი ეგზემპლარის სახეობა საჯარო შენიშვნა
          ბათუმის შოთა რუსთაველის სახელმწიფო უნივერსიტეტის მთავარი ბიბლიოთეკა ბათუმის შოთა რუსთაველის სახელმწიფო უნივერსიტეტის მთავარი ბიბლიოთეკა წიგნსაცავი 2018-12-17 10.00 1(38)+821.353.1–3+811.353.1 ა–59 5488 2018-12-17 5488 2018-12-17 წიგნი 10 ლ.
          ბათუმის შოთა რუსთაველის სახელმწიფო უნივერსიტეტის მთავარი ბიბლიოთეკა ბათუმის შოთა რუსთაველის სახელმწიფო უნივერსიტეტის მთავარი ბიბლიოთეკა წიგნსაცავი 2018-12-17 10.00 1(38)+821.353.1–3+811.353.1 ა–59 5489 2018-12-17 5489 2018-12-17 წიგნი 10 ლ.